Представление документа в формате RUSMARC

ПолеНазваниеЗначение
  Тип записи a
  Библиографический уровень m
001 Контрольный номер RU/CBS_UL/BASE/faa2b12df3e34d948a8470fdfad8849e
005 Дата корректировки 20251216115157.2
010 Индекс ISBN __
a ISBN 978-5-04-154030-2
b Уточнения в пер.
d Цена 959 р. 20 к.
9 Тираж 3 000 экз.
100 Данные общей обработки __
a Данные общей обработки 20251216d 0rusy0189## ca
101 Язык документа 0_
a Язык текста rus
102 Страна публикации __
a Страна публикации RU
200 Заглавие и сведения об ответственности 1_
a Заглавие Сочини мне счастье
e Сведения, относящиеся к заглавию 55 психологических сказок для уюта души
f Первые сведения об ответственности Т. В. Васильева
210 Выходные данные 1_
a Место издания Москва
c Издательство ЭКСМО
c Издательство Бомбора
d Дата издания 2024
215 Физическое описание __
a Объем 253, [1] с.
c Иллюстрации/тип воспроизводства ил.
d Формат см.
225 Серия 2_
a Серия Истории, которые исцеляют душу
300 Общие примечания __
a Общие примечания 16+
606 Тематические рубрики 0_
a Основная рубрика Медицинская психология - Психотерапия
610 Ключевые слова 0_
a Ключевые слова психотерапия; сказки психологические; сказкотерапия; сказки-притчи; терапевтические сказки
686 Индексы других классификаций __
2 Код системы rubbk
a Классификационный индекс 88.4
700 Автор _1
a Фамилия Васильева
b Имя (инициалы) Т. В.
g Полное личное имя Татьяна Валентиновна
801 Источник записи _0
a Страна RU
b Организация МБУК ЦБС г. Ульяновска
c Дата составления 20251216
g Правила каталогизации RCR
801 Источник записи _1
a Страна RU
b Организация МБУК ЦБС г. Ульяновска
c Дата составления 20251216
g Правила каталогизации RCR
852 Данные о местонахождении __
i Авторский знак В 19
j Шифр хранения 88.4
900 Электронные ресурсы __
a Имя электронного ресурса т. васильева сочини
901 Тип документа __
t Тип документа m
909 Создатель записи __
a Создатель записи obr2
b Дата создания записи 20251216